[Event "South Wales New Year Major"]
[Site "Bridgend"]
[Date "2017.01.06"]
[Round "1.1"]
[White "Hurn, Robert AJ"]
[Black "MacArthur, Duncan"]
[Result "0-1"]
[WhiteElo "1713"]
[BlackElo "1802"]
[PlyCount "128"]
[EventDate "2017.01.07"]
[EventType "swiss"]
[SourceDate "2017.01.07"]

1. d4 Nf6 2. c4 g6 3. f3 c5 4. d5 d6 5. e4 Bg7 6. Ne2 O-O 7. Nec3 a6 8. Bg5 h6
9. Be3 Nbd7 10. Qd2 Kh7 11. Be2 Rb8 12. Na3 Ne5 13. g4 Bd7 14. h4 Rh8 15. O-O-O
h5 16. gxh5 Nxh5 17. Rdg1 Nf6 18. Kb1 Qa5 19. Bg5 b5 20. Nd1 Qa4 21. cxb5 axb5
22. Bxf6 Bxf6 23. h5 Kg7 24. hxg6 fxg6 25. Ne3 Kf7 26. Bd1 Qa7 27. Qg2 Rxh1 28.
Qxh1 Rh8 29. Qg2 g5 30. Ng4 Nxg4 31. fxg4 c4 32. Rf1 Qd4 33. e5 Qxe5 34. Qe2
Qxd5 35. Nc2 Be6 36. Nb4 Qb7 37. Bc2 Qd7 38. Qe4 Bxg4 39. Qg6+ Kf8 40. Nd5 Qe8
41. Qxg5 Rh1 42. Qf4 Rxf1+ 43. Qxf1 Qf7 44. Ne3 Be6 45. Qg2 d5 46. Qh2 Qg7 47.
Qb8+ Kf7 48. Qxb5 Qg1+ 49. Nd1 d4 50. Qh5+ Kf8 51. Qh6+ Qg7 52. Qf4 d3 53. Ba4
Qg5 54. Qb8+ Kg7 55. Qh2 Be5 56. Qh1 Bf5 57. Qd5 Qf4 58. Qb7 Bf6 59. Qg2+ Qg5
60. Qc6 Qg4 61. Qc5 Qe4 62. Ka1 d2 63. Qg1+ Kf7 64. Nc3 Qe1+ 0-1

[Event "South Wales New Year Major"]
[Site "Bridgend"]
[Date "2017.01.06"]
[Round "1.2"]
[White "Burrows, Mike"]
[Black "Di-Vetta, Andrew"]
[Result "1-0"]
[WhiteElo "1796"]
[BlackElo "1695"]
[PlyCount "97"]
[EventDate "2017.01.07"]
[EventType "swiss"]
[SourceDate "2017.01.07"]

1. b4 e5 2. Bb2 Qe7 3. e3 d5 4. a4 Bf5 5. b5 Nd7 6. d4 e4 7. Ba3 Qe6 8. Bxf8
Nxf8 9. Ne2 g5 10. h3 h5 11. Na3 Ne7 12. c4 c6 13. Qb3 Nd7 14. g3 O-O 15. Nc3
Rfc8 16. h4 g4 17. Ne2 dxc4 18. Qb2 Bg6 19. Nf4 Qf6 20. Bxc4 cxb5 21. Bxb5 Nb6
22. Qb3 Qd6 23. O-O a6 24. Bc4 Rc7 25. Rab1 Nd7 26. Rfc1 Rac8 27. Qb2 Rc6 28.
a5 Rb8 29. Bb3 Kh7 30. Ba4 b5 31. Rxc6 Nxc6 32. Bc2 f5 33. Qa2 Ne7 34. Bb3 Rc8
35. Be6 Rc7 36. Qb2 Nf8 37. Ba2 Nd7 38. Nc2 Nf6 39. Nb4 Neg8 40. Kg2 Bf7 41.
Bxf7 Rxf7 42. Rc1 Rc7 43. Rxc7+ Qxc7 44. Nxa6 Qxa5 45. Qb3 Nh6 46. Qe6 Kg7 47.
Qe7+ Nf7 48. Nc7 Qb6 49. Nce6+ 1-0

[Event "South Wales New Year Major"]
[Site "Bridgend"]
[Date "2017.01.06"]
[Round "1.3"]
[White "Ballantyne, Peter"]
[Black "Williams (Cwm), Steve"]
[Result "1/2-1/2"]
[WhiteElo "1683"]
[BlackElo "1781"]
[PlyCount "57"]
[EventDate "2017.01.07"]
[EventType "swiss"]
[SourceDate "2017.01.07"]

1. e4 c6 2. Nf3 d5 3. exd5 cxd5 4. d4 Nc6 5. Nc3 Bg4 6. Be2 e6 7. O-O Nf6 8. h3
Bxf3 9. Bxf3 Be7 10. Be3 a6 11. Ne2 b5 12. a3 O-O 13. c3 Qb6 14. Ng3 Rac8 15.
Bf4 Na5 16. Re1 Nc4 17. Re2 Rfe8 18. Qd3 a5 19. Rc2 a4 20. Bg5 Qd6 21. Nh5 Nxh5
22. Bxe7 Rxe7 23. Bxh5 e5 24. dxe5 Rxe5 25. Bf3 Rd8 26. Rd1 Rde8 27. Kf1 Qe6
28. Be2 Re4 29. Qf3 1/2-1/2

[Event "South Wales New Year Major"]
[Site "Bridgend"]
[Date "2017.01.06"]
[Round "1.4"]
[White "Donovan, Ed"]
[Black "Rees, Morgan"]
[Result "1-0"]
[WhiteElo "1742"]
[BlackElo "1234"]
[PlyCount "43"]
[EventDate "2017.01.07"]
[EventType "swiss"]
[SourceDate "2017.01.07"]

1. e4 e5 2. Nf3 Nf6 3. Nxe5 d6 4. Nf3 Nxe4 5. Nc3 Nxc3 6. dxc3 Nc6 7. Be3 a6 8.
Qd2 Be7 9. O-O-O Ne5 10. Be2 O-O 11. h3 b5 12. Nxe5 dxe5 13. Qxd8 Rxd8 14. Bf3
Rxd1+ 15. Rxd1 Bb7 16. Bxb7 Rb8 17. Bxa6 c5 18. Rd7 Bf8 19. Bb7 f5 20. Bd5+ Kh8
21. Bg5 g6 22. Bf6+ 1-0

[Event "South Wales New Year Major"]
[Site "Bridgend"]
[Date "2017.01.06"]
[Round "1.5"]
[White "O'Rourke, Kevin"]
[Black "Livermore, Richard"]
[Result "0-1"]
[WhiteElo "1107"]
[BlackElo "1725"]
[PlyCount "70"]
[EventDate "2017.01.07"]
[SourceDate "2017.01.07"]

1. e4 e6 2. d4 d5 3. e5 c5 4. Nf3 Nc6 5. Bb5 Bd7 6. Nc3 cxd4 7. Nxd4 Nxe5 8.
Qe2 Bd6 9. Bf4 Qc7 10. Bxd7+ Kxd7 11. Ndb5 Qc4 12. Qxc4 Nxc4 13. Bxd6 Nxd6 14.
O-O-O Nf6 15. Nd4 Rac8 16. h3 h5 17. f3 h4 18. Rhf1 Rh5 19. Rg1 e5 20. Ndb5
Nxb5 21. Nxb5 d4 22. g4 hxg3 23. Rxg3 g6 24. f4 Ne4 25. Ra3 a6 26. Nc3 Nxc3 27.
bxc3 Rxh3 28. Rd3 Rxd3 29. cxd3 Rxc3+ 30. Rxc3 dxc3 31. fxe5 b5 32. a3 a5 33.
Kc2 b4 34. a4 g5 35. d4 g4 0-1

[Event "South Wales New Year Major"]
[Site "Bridgend"]
[Date "2017.01.07"]
[Round "2.1"]
[White "MacArthur, Duncan"]
[Black "Donovan, Ed"]
[Result "1/2-1/2"]
[WhiteElo "1802"]
[BlackElo "1742"]
[PlyCount "97"]
[EventDate "2017.01.07"]
[EventType "swiss"]
[SourceDate "2017.01.07"]

1. c4 c5 2. Nf3 g6 3. Nc3 Nc6 4. d4 cxd4 5. Nxd4 Bg7 6. Nc2 e6 7. e4 Nge7 8.
Be2 d5 9. exd5 Bxc3+ 10. bxc3 exd5 11. O-O O-O 12. Bg5 dxc4 13. Bxc4 Qxd1 14.
Raxd1 Kg7 15. Nd4 h6 16. Be3 Na5 17. Be2 Nd5 18. Bd2 Nc6 19. Bf3 Nxd4 20. Bxd5
Nc6 21. Rfe1 Bd7 22. c4 Rfe8 23. Bc3+ f6 24. c5 Rxe1+ 25. Rxe1 Re8 26. Rb1 Rb8
27. Bd2 g5 28. f4 b6 29. fxg5 hxg5 30. Rc1 bxc5 31. Rxc5 Rc8 32. Rc3 Nd4 33.
Re3 Re8 34. Ra3 Nb5 35. Rg3 Re2 36. Bb4 Be6 37. Kf1 Nd4 38. Bxe6 Rxe6 39. h4
Nf5 40. Ra3 a6 41. hxg5 fxg5 42. Kf2 Kg6 43. Rh3 Nd4 44. a3 Re2+ 45. Kg1 g4 46.
Rd3 Nf5 47. Kf1 Re3 48. Rxe3 Nxe3+ 49. Kf2 1/2-1/2

[Event "South Wales New Year Major"]
[Site "Bridgend"]
[Date "2017.01.07"]
[Round "2.2"]
[White "Turner, Paul"]
[Black "Burrows, Mike"]
[Result "0-1"]
[WhiteElo "1201"]
[BlackElo "1796"]
[PlyCount "66"]
[EventDate "2017.01.07"]
[EventType "swiss"]
[SourceDate "2017.01.07"]

1. e4 c5 2. Nc3 d6 3. f4 a6 4. Nf3 Nc6 5. Be2 e6 6. d3 Qc7 7. O-O Nf6 8. Be3 b5
9. e5 dxe5 10. Nxe5 Nxe5 11. fxe5 Qxe5 12. Bf4 Qd4+ 13. Kh1 Bb7 14. Bf3 Qd7 15.
Bxb7 Qxb7 16. Be5 Be7 17. Qe2 O-O 18. Ne4 Nxe4 19. dxe4 f6 20. Bc3 Rad8 21. Rf4
Qd7 22. Be1 Rf7 23. Rf1 Bd6 24. Ba5 Rc8 25. Rad1 Qc6 26. Rxd6 Qxd6 27. Rd1 Qc6
28. Bd8 Rd7 29. Rxd7 Qxd7 30. Bxf6 gxf6 31. Qg4+ Kh8 32. e5 Rg8 33. Qe2 f5 0-1

[Event "South Wales New Year Major"]
[Site "Bridgend"]
[Date "2017.01.07"]
[Round "2.3"]
[White "Livermore, Richard"]
[Black "Rovaretti, David"]
[Result "1/2-1/2"]
[WhiteElo "1725"]
[BlackElo "1748"]
[PlyCount "43"]
[EventDate "2017.01.07"]
[EventType "swiss"]
[SourceDate "2017.01.07"]

1. d4 b6 2. e4 Bb7 3. Bd3 Nf6 4. Nc3 e6 5. Nge2 d5 6. e5 Nfd7 7. Be3 c5 8. b3
Nc6 9. O-O cxd4 10. Nxd4 Ndxe5 11. Bb5 a6 12. Nxc6 Nxc6 13. Bxc6+ Bxc6 14. Bd4
Qg5 15. Qf3 Bc5 16. Ne2 Rc8 17. Qc3 Bb5 18. Be3 Qf6 19. Bd4 Qd8 20. Bxc5 f6 21.
Qe3 Rxc5 22. Qxe6+ 1/2-1/2

[Event "South Wales New Year Major"]
[Site "Bridgend"]
[Date "2017.01.07"]
[Round "2.4"]
[White "Williams (Cwm), Steve"]
[Black "Cooke, Thomas"]
[Result "0-1"]
[WhiteElo "1781"]
[BlackElo "1527"]
[PlyCount "110"]
[EventDate "2017.01.07"]
[EventType "swiss"]
[SourceDate "2017.01.07"]

1. d4 c6 2. c4 d6 3. Nc3 Nf6 4. e4 Bg4 5. f3 Bh5 6. Bd3 Nbd7 7. Nge2 Qc7 8. O-O
e5 9. d5 Nc5 10. Bc2 a5 11. Be3 Nfd7 12. Ng3 Bg6 13. Qe2 Be7 14. Rac1 Qb6 15.
Na4 Qa6 16. Nc3 Rb8 17. b3 O-O 18. f4 exf4 19. Bxf4 Rfe8 20. Rce1 Bf6 21. Qd2
Be5 22. Nf5 Bxf5 23. exf5 f6 24. Bxe5 Nxe5 25. dxc6 Qxc6 26. Nd5 Ncd7 27. Be4
Qc5+ 28. Qf2 Qxf2+ 29. Kxf2 Nc5 30. Kg3 Ned3 31. Bxd3 Nxd3 32. Re6 Rxe6 33.
fxe6 Re8 34. Rd1 Nc5 35. e7 Kf7 36. Re1 g6 37. Kf3 f5 38. Re3 Ne4 39. Kf4 Nf6
40. Kg5 Nxd5 41. cxd5 Rxe7 42. Rxe7+ Kxe7 43. h4 Kf7 44. g3 Kg7 45. Kf4 Kf6 46.
g4 fxg4 47. Kxg4 h6 48. Kf4 g5+ 49. hxg5+ hxg5+ 50. Kg4 Ke5 51. Kxg5 Kxd5 52.
Kf4 Kd4 53. Kf3 Kd3 54. Kf2 Kd2 55. Kf1 d5 0-1

[Event "South Wales New Year Major"]
[Site "Bridgend"]
[Date "2017.01.07"]
[Round "2.5"]
[White "Stuart, Neil"]
[Black "Smith, George"]
[Result "1-0"]
[WhiteElo "1718"]
[BlackElo "1443"]
[PlyCount "71"]
[EventDate "2017.01.07"]
[EventType "swiss"]
[SourceDate "2017.01.07"]

1. d4 f5 2. g3 Nf6 3. Bg2 g6 4. Nf3 Bg7 5. O-O O-O 6. c4 d6 7. Nc3 c6 8. d5 e5
9. dxe6 Bxe6 10. Qb3 Qc7 11. Ng5 Bf7 12. Nxf7 Rxf7 13. Bf4 Nh5 14. Be3 h6 15.
Rad1 Kh7 16. Bf3 Nf6 17. Bf4 Rd7 18. c5 Na6 19. cxd6 Qc8 20. Qc4 Ne8 21. e4
fxe4 22. Bg4 e3 23. fxe3 b5 24. Nxb5 Nf6 25. Bxd7 Nxd7 26. Nc7 Nxc7 27. dxc7
Ne5 28. Bxe5 Bxe5 29. Rd8 Qxd8 30. cxd8=Q Rxd8 31. Qxc6 Rg8 32. Rf7+ Bg7 33.
Rxa7 Rb8 34. Qd7 Rg8 35. b4 Kh8 36. b5 1-0

[Event "South Wales New Year Major"]
[Site "Bridgend"]
[Date "2017.01.07"]
[Round "2.6"]
[White "Cox, John"]
[Black "Ballantyne, Peter"]
[Result "1/2-1/2"]
[WhiteElo "1429"]
[BlackElo "1683"]
[PlyCount "45"]
[EventDate "2017.01.07"]
[EventType "swiss"]
[SourceDate "2017.01.07"]

1. e4 e6 2. d4 d5 3. Nd2 c5 4. exd5 cxd4 5. dxe6 Bxe6 6. Nb3 Nc6 7. Bb5 Qb6 8.
Bxc6+ Qxc6 9. Nf3 Qe4+ 10. Qe2 Qxe2+ 11. Kxe2 Bc4+ 12. Kd1 Bxb3 13. axb3 O-O-O
14. Rxa7 Kb8 15. Ra4 d3 16. Bf4+ Bd6 17. Rd4 dxc2+ 18. Kxc2 Rc8+ 19. Kb1 Bxf4
20. Rxf4 Nf6 21. Rd1 Rhe8 22. Rfd4 h6 23. R1d2 1/2-1/2

[Event "South Wales New Year Major"]
[Site "Bridgend"]
[Date "2017.01.07"]
[Round "2.7"]
[White "Cooke, Mark"]
[Black "Davies, Gareth"]
[Result "1-0"]
[WhiteElo "1644"]
[BlackElo "1340"]
[PlyCount "69"]
[EventDate "2017.01.07"]
[EventType "swiss"]
[SourceDate "2017.01.07"]

1. e4 Nf6 2. e5 Nd5 3. c4 Nb6 4. d4 d6 5. f4 g6 6. Nf3 Bg7 7. Nc3 dxe5 8. fxe5
O-O 9. Be3 Bg4 10. Be2 e6 11. O-O c6 12. Ne4 Bxf3 13. Rxf3 Nc8 14. Qd2 Na6 15.
Bh6 Nc7 16. Bxg7 Kxg7 17. Raf1 h6 18. Rh3 Rh8 19. c5 Nd5 20. Nd6 Nxd6 21. exd6
g5 22. Bh5 Rf8 23. Rg3 b5 24. Bf3 f5 25. Bxd5 exd5 26. Re3 Qf6 27. Rfe1 Rf7 28.
Re6 Qd8 29. Qe3 Qd7 30. Qe5+ Kh7 31. Qe2 g4 32. Qe3 f4 33. Qe5 Rg8 34. Re7 Rxe7
35. Qxe7+ 1-0

[Event "South Wales New Year Major"]
[Site "Bridgend"]
[Date "2017.01.07"]
[Round "2.8"]
[White "Jaberansari, Benjamin"]
[Black "Jeanes, Andrew"]
[Result "0-1"]
[WhiteElo "855"]
[BlackElo "1563"]
[PlyCount "82"]
[EventDate "2017.01.07"]
[EventType "swiss"]
[SourceDate "2017.01.07"]

1. e4 c6 2. Nf3 d5 3. exd5 cxd5 4. Nc3 e6 5. d4 Nc6 6. Bb5 Bd7 7. Bf4 a6 8.
Bxc6 Bxc6 9. O-O Bd6 10. Qd2 Nf6 11. Rfe1 O-O 12. Rad1 Rc8 13. Be5 Bb4 14. a3
Ba5 15. b4 Bc7 16. Qg5 Bxe5 17. Rxe5 Bd7 18. Rd3 Ne8 19. Qg4 Nf6 20. Qh4 Ne4
21. Qxd8 Rfxd8 22. Nxe4 dxe4 23. Rxe4 Rxc2 24. Rd1 Bc6 25. Rg4 Bxf3 26. gxf3
Rc3 27. Rg3 Rxa3 28. Rg4 Ra4 29. Rb1 g6 30. h4 Rd5 31. Kg2 Rb5 32. d5 Rxd5 33.
Rc4 Rb5 34. Rc8+ Kg7 35. Rc4 a5 36. Kg3 Raxb4 37. Rcxb4 Rxb4 38. Rxb4 axb4 39.
Kg2 b3 40. Kf1 b2 41. Ke2 b1=Q 0-1

[Event "South Wales New Year Major"]
[Site "Bridgend"]
[Date "2017.01.07"]
[Round "2.9"]
[White "Di-Vetta, Andrew"]
[Black "Hurn, Robert AJ"]
[Result "1/2-1/2"]
[WhiteElo "1695"]
[BlackElo "1713"]
[PlyCount "126"]
[EventDate "2017.01.07"]
[EventType "swiss"]
[SourceDate "2017.01.07"]

1. Nf3 Nf6 2. c4 e6 3. Nc3 Bb4 4. a3 Bxc3 5. dxc3 h6 6. g3 O-O 7. Bg2 Re8 8.
O-O d5 9. cxd5 exd5 10. e3 c6 11. b4 Bf5 12. Bb2 Nbd7 13. Nd4 Be4 14. f3 Bg6
15. Re1 Nb6 16. Bf1 Re7 17. Kf2 Qd7 18. a4 Rae8 19. a5 Nc4 20. Bc1 a6 21. Nb3
Qf5 22. Nd4 Qh5 23. h4 Qe5 24. Bxc4 dxc4 25. e4 Qc7 26. Bf4 Qd7 27. Ne2 Rd8 28.
Qxd7 Rexd7 29. Nd4 Nh7 30. Red1 Nf8 31. Be3 Ne6 32. Nxe6 fxe6 33. Ke2 Rxd1 34.
Rxd1 Rxd1 35. Kxd1 e5 36. Bc5 Kf7 37. Bd6 Kf6 38. Ke2 Bf7 39. Ke3 g5 40. hxg5+
hxg5 41. f4 gxf4+ 42. gxf4 exf4+ 43. Bxf4 Be6 44. Kd4 Ke7 45. Kc5 Kd7 46. Kb6
Kc8 47. Bd6 Bf7 48. e5 Be6 49. Kc5 Kd7 50. Kd4 Bd5 51. Ke3 Ke6 52. Kf4 Bg2 53.
Kg5 Be4 54. Bb8 Bd3 55. Kf4 Bg6 56. Ke3 Kd5 57. e6 Kxe6 58. Kd4 Bd3 59. Bg3 Bf1
60. Kc5 Kd7 61. Kb6 Kc8 62. Bc7 Be2 63. Bd8 Bf1 1/2-1/2

[Event "South Wales New Year Major"]
[Site "Bridgend"]
[Date "2017.01.07"]
[Round "3.1"]
[White "Burrows, Mike"]
[Black "MacArthur, Duncan"]
[Result "1-0"]
[WhiteElo "1796"]
[BlackElo "1802"]
[PlyCount "79"]
[EventDate "2017.01.07"]
[EventType "swiss"]
[SourceDate "2017.01.07"]

1. d4 Nf6 2. Nf3 g6 3. g3 Bg7 4. Bg2 c5 5. d5 d6 6. O-O O-O 7. c4 a6 8. Nc3
Nbd7 9. Qc2 Rb8 10. a4 Nb6 11. b3 Bf5 12. Qd2 Ne4 13. Nxe4 Bxa1 14. Nc3 e5 15.
dxe6 Bxe6 16. Ba3 Bxc3 17. Qxc3 Nd7 18. Bb2 f6 19. Rd1 Qe7 20. Qd2 Rbd8 21.
Qxd6 Qxd6 22. Rxd6 Bf5 23. Nd2 Ne5 24. Bd5+ Kg7 25. Rb6 Bc8 26. Ne4 Nd7 27. Rd6
Rde8 28. f4 Re7 29. Kf2 Rfe8 30. Ng5 Kh6 31. Ne6 Rf7 32. Nc7 Ref8 33. Bxf7 Rxf7
34. Nd5 f5 35. Ne3 b6 36. Nd5 b5 37. axb5 axb5 38. cxb5 Bb7 39. Ba3 Kh5 40.
Rxd7 1-0

[Event "South Wales New Year Major"]
[Site "Bridgend"]
[Date "2017.01.07"]
[Round "3.2"]
[White "Donovan, Ed"]
[Black "Cooke, Mark"]
[Result "1-0"]
[WhiteElo "1742"]
[BlackElo "1644"]
[PlyCount "45"]
[EventDate "2017.01.07"]
[EventType "swiss"]
[SourceDate "2017.01.07"]

1. e4 e5 2. Nf3 d5 3. exd5 e4 4. Nd4 Qxd5 5. Nb3 Nf6 6. Nc3 Qe5 7. Be2 Nc6 8.
O-O h5 9. d4 exd3 10. Bxd3 Be6 11. Re1 Qd6 12. Nb5 Qd7 13. Bf4 Nd5 14. Bg5 f6
15. Bg6+ Kd8 16. Bd2 Ne5 17. N5d4 Nxg6 18. Nxe6+ Kc8 19. Qf3 Ne5 20. Rxe5 fxe5
21. Nxf8 Qd6 22. Qf5+ Kb8 23. Nd7+ 1-0

[Event "South Wales New Year Major"]
[Site "Bridgend"]
[Date "2017.01.07"]
[Round "3.3"]
[White "Jeanes, Andrew"]
[Black "Livermore, Richard"]
[Result "1-0"]
[WhiteElo "1563"]
[BlackElo "1725"]
[PlyCount "78"]
[EventDate "2017.01.07"]
[EventType "swiss"]
[SourceDate "2017.01.07"]

1. c4 Nf6 2. Nc3 e6 3. d4 d5 4. e3 c6 5. Nf3 Nbd7 6. a3 a5 7. Bd2 Be7 8. cxd5
exd5 9. Bd3 b5 10. O-O Ba6 11. Qe2 O-O 12. Rfc1 Qb6 13. Na2 b4 14. axb4 Bxd3
15. Qxd3 axb4 16. Rcb1 Ra7 17. Nc1 Rfa8 18. Rxa7 Rxa7 19. Nb3 Ne4 20. g3 Ndf6
21. h3 Qc7 22. Ne5 Bd6 23. Be1 Bxe5 24. dxe5 Qxe5 25. Bxb4 Nxg3 26. Bc3 Qg5 27.
Bxf6 Qxf6 28. fxg3 Qf3 29. Nd4 Qxg3+ 30. Kh1 Qxh3+ 31. Kg1 Ra4 32. Kf2 Rc4 33.
Qf5 Qh2+ 34. Kf3 g6 35. Qf6 Qh5+ 36. Kg3 c5 37. Rf1 g5 38. Qd8+ Kg7 39. Ne6+
Kg6 1-0

[Event "South Wales New Year Major"]
[Site "Bridgend"]
[Date "2017.01.07"]
[Round "3.4"]
[White "Cooke, Thomas"]
[Black "Stuart, Neil"]
[Result "1/2-1/2"]
[WhiteElo "1527"]
[BlackElo "1718"]
[PlyCount "68"]
[EventDate "2017.01.07"]
[EventType "swiss"]
[SourceDate "2017.01.07"]

1. e4 c5 2. Nf3 e6 3. d4 cxd4 4. Nxd4 Nf6 5. Nc3 d6 6. Bd3 Nc6 7. Be3 Be7 8.
O-O O-O 9. f4 Bd7 10. Nxc6 bxc6 11. e5 Nd5 12. Nxd5 cxd5 13. Qh5 g6 14. Qg4 Rb8
15. b3 Qc7 16. exd6 Bxd6 17. Qh4 Bc5 18. Bxc5 Qxc5+ 19. Rf2 Bb5 20. Bxb5 Rxb5
21. Raf1 Rb4 22. Qg5 Re4 23. Kh1 f6 24. Qg3 Re3 25. Qg4 Qd4 26. h4 Qe4 27. Kh2
Rc8 28. Qd1 Rcc3 29. Rd2 Kg7 30. Qc1 Qf5 31. Qa3 Qg4 32. Qe7+ Kh6 33. Rd3 Qxh4+
34. Kg1 Rexd3 1/2-1/2

[Event "South Wales New Year Major"]
[Site "Bridgend"]
[Date "2017.01.07"]
[Round "3.5"]
[White "Rovaretti, David"]
[Black "Turner, Paul"]
[Result "1-0"]
[WhiteElo "1748"]
[BlackElo "1201"]
[PlyCount "75"]
[EventDate "2017.01.07"]
[EventType "swiss"]
[SourceDate "2017.01.07"]

1. e4 e6 2. d4 d5 3. e5 c5 4. c3 Nc6 5. Nf3 Bd7 6. Bd3 h6 7. O-O Be7 8. Be3 c4
9. Bc2 Bg5 10. Nxg5 hxg5 11. f4 gxf4 12. Bxf4 Qe7 13. Qg4 Qf8 14. Bg5 Nh6 15.
Qf4 Ne7 16. Nd2 O-O-O 17. Bxh6 Rxh6 18. Qxf7 Nf5 19. Qxf8 Rxf8 20. g4 Rh4 21.
gxf5 exf5 22. Rf2 g5 23. Raf1 f4 24. Nf3 Rh5 25. Re1 Bh3 26. e6 Rg8 27. e7 Bd7
28. Ne5 Be8 29. Bf5+ Kc7 30. Bg6 Rh4 31. Bxe8 Rxe8 32. Nf3 Rh7 33. Rfe2 g4 34.
Ng5 Rh5 35. Re5 Rhh8 36. Rxd5 g3 37. hxg3 fxg3 38. Rd8 1-0

[Event "South Wales New Year Major"]
[Site "Bridgend"]
[Date "2017.01.07"]
[Round "3.6"]
[White "Rees, Morgan"]
[Black "Cox, John"]
[Result "0-1"]
[WhiteElo "1234"]
[BlackElo "1429"]
[PlyCount "100"]
[EventDate "2017.01.07"]
[EventType "swiss"]
[SourceDate "2017.01.07"]

1. e4 c6 2. d4 d5 3. exd5 cxd5 4. Bb5+ Bd7 5. Bxd7+ Qxd7 6. Nf3 Nc6 7. Nc3 e6
8. a3 Bd6 9. Nb5 a6 10. Nxd6+ Qxd6 11. O-O Nf6 12. h3 h6 13. Re1 O-O 14. Ne5
Nd7 15. Bf4 Qe7 16. Nxc6 bxc6 17. Bd2 Qf6 18. Bb4 Rfe8 19. Qd3 e5 20. dxe5 Nxe5
21. Qg3 Ng6 22. Qc3 Qxc3 23. Bxc3 f5 24. b4 Kf7 25. g3 Re4 26. Rxe4 fxe4 27.
Bd4 Re8 28. Rc1 Ne5 29. Bxe5 Rxe5 30. Re1 Kf6 31. c3 Kf5 32. c4 d4 33. Rd1 d3
34. Rd2 Re7 35. a4 Rd7 36. Kf1 Rd4 37. Ke1 Rxc4 38. Rb2 Ke5 39. b5 axb5 40.
axb5 cxb5 41. Rxb5+ Kd4 42. g4 Rc1+ 43. Kd2 Rc2+ 44. Ke1 Rc1+ 45. Kd2 Rf1 46.
Rf5 Rxf2+ 47. Rxf2 e3+ 48. Ke1 exf2+ 49. Kxf2 Kc3 50. Ke1 Kc2 0-1

[Event "South Wales New Year Major"]
[Site "Bridgend"]
[Date "2017.01.07"]
[Round "3.7"]
[White "Ballantyne, Peter"]
[Black "Di-Vetta, Andrew"]
[Result "0-1"]
[WhiteElo "1683"]
[BlackElo "1695"]
[PlyCount "59"]
[EventDate "2017.01.07"]
[EventType "swiss"]
[SourceDate "2017.01.07"]

1. e4 c5 2. c3 d5 3. e5 e6 4. d4 Nc6 5. Nf3 Bd7 6. Be2 a6 7. a4 cxd4 8. cxd4
Bb4+ 9. Bd2 Qb6 10. Bxb4 Qxb4+ 11. Qd2 Nge7 12. O-O Qxd2 13. Nbxd2 Nf5 14. Nb3
O-O 15. Rfd1 Rad8 16. Nc5 Bc8 17. Rac1 Nb4 18. b3 Ne7 19. Bd3 b6 20. Bxh7+ Kxh7
21. Nd3 Nxd3 22. Rxd3 Bd7 23. Ng5+ Kg8 24. Rh3 Rc8 25. Rd1 Rc2 26. g4 Rfc8 27.
Rdd3 Ng6 28. Rdf3 Be8 29. Kg2 Rd2 30. Rc3 0-1

[Event "South Wales New Year Major"]
[Site "Bridgend"]
[Date "2017.01.07"]
[Round "3.8"]
[White "Davies, Gareth"]
[Black "Williams (Cwm), Steve"]
[Result "0-1"]
[WhiteElo "1340"]
[BlackElo "1781"]
[PlyCount "42"]
[EventDate "2017.01.07"]
[EventType "swiss"]
[SourceDate "2017.01.07"]

1. d4 Nf6 2. Nf3 g6 3. Bf4 Bg7 4. e3 d6 5. Be2 Nbd7 6. Nbd2 c5 7. c3 O-O 8. O-O
a6 9. h3 b5 10. a3 c4 11. e4 Bb7 12. Qc2 Qc7 13. Bh2 e5 14. Rfd1 exd4 15. cxd4
Rfe8 16. d5 Bxd5 17. exd5 Rxe2 18. Nd4 Ree8 19. N2f3 Nc5 20. b4 Ncd7 21. Nc6
Nb6 0-1

[Event "South Wales New Year Major"]
[Site "Bridgend"]
[Date "2017.01.07"]
[Round "3.8"]
[White "Hurn, Robert AJ"]
[Black "O'Rourke, Kevin"]
[Result "1-0"]
[WhiteElo "1713"]
[BlackElo "1107"]
[PlyCount "81"]
[EventDate "2017.01.07"]
[SourceDate "2017.01.07"]

1. d4 d5 2. c4 dxc4 3. e4 Nf6 4. e5 Nd5 5. Bxc4 Be6 6. Nf3 h6 7. O-O a6 8. Be2
Qd7 9. Nc3 b6 10. a3 Nxc3 11. bxc3 c6 12. Be3 g5 13. Rb1 b5 14. Nd2 Bg7 15. Ne4
Qc7 16. Nc5 Nd7 17. Nxe6 fxe6 18. Bh5+ Kf8 19. Qf3+ Nf6 20. exf6 exf6 21. Qg3
Qe7 22. Bc1 Rd8 23. Qe3 Rd5 24. Bf3 Rd6 25. Re1 h5 26. a4 g4 27. Bd1 f5 28. Ba3
Bh6 29. Qe5 Bg7 30. Qxd6 Qxd6 31. Bxd6+ Kf7 32. Be5 Bxe5 33. Rxe5 h4 34. Bb3
Re8 35. Rbe1 h3 36. g3 Rf8 37. Rxe6 Kg7 38. Rxc6 b4 39. Re7+ Rf7 40. Rxf7+ Kg8
41. Rc8# 1-0

[Event "South Wales New Year Major"]
[Site "Bridgend"]
[Date "2017.01.07"]
[Round "3.9"]
[White "Smith, George"]
[Black "Jaberansari, Benjamin"]
[Result "1-0"]
[WhiteElo "1443"]
[BlackElo "855"]
[PlyCount "35"]
[EventDate "2017.01.07"]
[EventType "swiss"]
[SourceDate "2017.01.07"]

1. d4 d5 2. Nc3 Nf6 3. Bg5 e6 4. e4 Bb4 5. e5 Bxc3+ 6. bxc3 Nc6 7. exf6 gxf6 8.
Bh4 e5 9. Bb5 Bd7 10. Ne2 Qe7 11. O-O O-O-O 12. Re1 Rhg8 13. Ng3 Rg4 14. Bxc6
bxc6 15. Qd3 Rxh4 16. Qa6+ Kb8 17. Rab1+ Ka8 18. Qb7# 1-0

[Event "South Wales New Year Major"]
[Site "Bridgend"]
[Date "2017.01.08"]
[Round "4.1"]
[White "Jeanes, Andrew"]
[Black "Burrows, Mike"]
[Result "1/2-1/2"]
[WhiteElo "1563"]
[BlackElo "1796"]
[PlyCount "178"]
[EventDate "2017.01.07"]
[EventType "swiss"]
[SourceDate "2017.01.07"]

1. c4 e6 2. Nc3 d5 3. cxd5 exd5 4. d4 Nf6 5. e3 Be7 6. a3 a5 7. Bd2 O-O 8. f4
c5 9. Nb5 Bd7 10. Nf3 Nc6 11. Be2 Qb6 12. Bc3 c4 13. a4 Ne4 14. O-O Rfe8 15.
Ne5 Rad8 16. Bg4 Nxe5 17. fxe5 Bxg4 18. Qxg4 Bg5 19. Rf3 Be7 20. Raf1 Rf8 21.
Qh5 Qg6 22. Qxg6 hxg6 23. Bxa5 Ra8 24. Bc3 Ng5 25. R3f2 Ne6 26. Ra1 b6 27. Rff1
Ng5 28. a5 bxa5 29. Rxa5 Ne6 30. Rfa1 Rxa5 31. Rxa5 Bg5 32. Kf2 Bd8 33. Ra6 Ng5
34. Nd6 f6 35. Ke2 fxe5 36. dxe5 Bc7 37. Ra7 Bb6 38. Rb7 Bc5 39. Rc7 Ne6 40.
Rb7 Ra8 41. Nb5 Re8 42. Nd4 Ng5 43. Rd7 Rxe5 44. Nc2 d4 45. Nxd4 Ne4 46. Bd2 g5
47. g4 Nf6 48. Rd8+ Kf7 49. h3 Bb6 50. Nc6 Re6 51. Rc8 Nd5 52. Nd8+ Bxd8 53.
Rxd8 Nf4+ 54. Kf3 Nd3 55. Bc3 Rb6 56. Rd7+ Kg6 57. Rxg7+ Kh6 58. Rc7 Nxb2 59.
Bxb2 Rxb2 60. Rxc4 Rh2 61. Rc6+ Kg7 62. Ke4 Rxh3 63. Kf5 Rxe3 64. Kxg5 Re5+ 65.
Kf4 Ra5 66. Re6 Kf7 67. Re5 Ra1 68. Kg5 Rh1 69. Ra5 Rh2 70. Ra7+ Ke6 71. Kg6
Rg2 72. g5 Rh2 73. Rf7 Rg2 74. Ra7 Rg1 75. Ra5 Rh1 76. Kg7 Rh5 77. Kg6 Rh1 78.
Ra6+ Ke7 79. Kg7 Rh2 80. g6 Rh3 81. Ra7+ Ke8 82. Kg8 Rh6 83. Ra8+ Ke7 84. g7
Rh5 85. Ra7+ Ke8 86. Ra8+ Ke7 87. Rf8 Rh4 88. Rf7+ Ke8 89. Ra7 Rh3 1/2-1/2

[Event "South Wales New Year Major"]
[Site "Bridgend"]
[Date "2017.01.08"]
[Round "4.2"]
[White "Stuart, Neil"]
[Black "Donovan, Ed"]
[Result "0-1"]
[WhiteElo "1718"]
[BlackElo "1742"]
[PlyCount "87"]
[EventDate "2017.01.07"]
[EventType "swiss"]
[SourceDate "2017.01.07"]

1. d4 Nf6 2. Nf3 e6 3. c4 Bb4+ 4. Bd2 Qe7 5. g3 Nc6 6. Bg2 Bxd2+ 7. Qxd2 Ne4 8.
Qc2 Qb4+ 9. Nc3 Nxc3 10. Qxc3 Qxc3+ 11. bxc3 d6 12. O-O O-O 13. Rab1 Rb8 14.
Nd2 Na5 15. e4 b6 16. Rfe1 Ba6 17. Bf1 e5 18. Rbc1 f5 19. exf5 Rxf5 20. Bd3 Rf6
21. dxe5 dxe5 22. Rxe5 Rd6 23. Bxh7+ Kxh7 24. Ne4 Rd7 25. c5 Bb7 26. Ng5+ Kg8
27. Rce1 g6 28. Re6 Kg7 29. h4 Rbd8 30. Re7+ Rxe7 31. Rxe7+ Kf6 32. Rf7+ Ke5
33. f4+ Kd5 34. Rxc7 Rc8 35. Rg7 Rc6 36. cxb6 Rxb6 37. Nf7 Rb1+ 38. Kf2 Rb2+
39. Ke3 Nc4+ 40. Kf3 Ke6+ 41. Kg4 Kf6 42. Rh7 Ne3+ 43. Kh3 Bg2+ 44. Kh2 0-1